00418nam a2200157Ia 450000500170000000800410001702000180005804100120007608200150008810000220010324500360012525000090016126000330017050000080020365000490021120240823023636.0240823s9999||||xx |||||||||||||| ||und|| a81-312-0737-4 aENGLISH A005.133 P7 a"Scott,Michael.L" 0aProgramming Language Pragmatics aIInd c2007bMorgan Kaufmann Publis aYES aProgramming LanguagebInformation Technology